00402nam a2200145Ia 4500003000400000008004100004040001600045082001300061100002100074245007700095260003700172300001000209650001400219650002300233GCL140319s9999 xx 000 0 eng d aGCL / cGCL04a301bG H1 aGIDDENS, ANTHONY10aHUMAN SOCIETES: AN INTRODUCTORY READER IN SOCIOLOGY / cGIDDENS, ANTHONY a[S.N] : bPOLITY PRESS ، c1992 a388 P04aSOCIOLOGY04aSOCIAL INTERACTION